Biblioteca Hospital 12 de Octubre

Galectin-3 in atrial fibrillation: Simple bystander, player or both?. (Registro nro. 17032)

000 -CABECERA
Campo de control de longitud fija nab a22 7a 4500
003 - IDENTIFICADOR DEL NÚMERO DE CONTROL
Campo de control PC17032
005 - FECHA Y HORA DE LA ÚLTIMA TRANSACCIÓN
Campo de control 20221025132539.0
008 - CÓDIGOS DE INFORMACIÓN DE LONGITUD FIJA
Campo de control de longitud fija 221025b xxu||||| |||| 00| 0 eng d
040 ## - FUENTE DE LA CATALOGACIÓN
Centro transcriptor H12O
041 ## - CÓDIGO DE LENGUA
Código de lengua del texto/banda sonora o título independiente eng
100 ## - PUNTO DE ACCESO PRINCIPAL - NOMBRE DE PERSONA
9 (RLIN) 2999
Nombre de persona Sanchis Gomar, Fabián
Término indicativo de función Instituto de Investigación imas12
245 00 - MENCIÓN DE TÍTULO
Título Galectin-3 in atrial fibrillation: Simple bystander, player or both?.
Tipo de material [revisión]
260 ## - PUBLICATION, DISTRIBUTION, ETC. (IMPRINT)
Nombre del editor distribuidor etc. Clinical biochemistry,
Fecha de publicación distribución etc. 2015
300 ## - DESCRIPCIÓN FÍSICA
Extensión 48(12):818-22.
500 ## - NOTA GENERAL
Nota general Formato Vancouver:
Lippi G, Cervellin G, Sanchis Gomar F. Galectin-3 in atrial fibrillation: Simple bystander, player or both?. Clin Biochem. 2015 Aug;48(12):818-22.
501 ## - NOTA DE “CON”
Nota de "Con" PMID: 25952321
504 ## - NOTA DE BIBLIOGRAFÍA; ETC.
Nota de bibliografía etc. Contiene 38 referencias
520 ## - NOTA DE SUMARIO; ETC.
Sumario etc. Objectives: Galectin-3 promotes fibrosis, and cardiac remodeling is a well-established cause of arrhythmias. Therefore, we reviewed current evidence on the epidemiological and biological association between galectin-3 and atrial fibrillation.
Design and methods: We performed an electronic search on Medline, Scopus and Web of Science, using the keywords "galectin" OR "galectin-3" AND "atrial fibrillation" OR "arrhythmia(s)" in the fields "title/abstract/keywords".
Results: Seven cohort studies were identified and reviewed. A significant association between serum galectin-3 values and the risk of atrial fibrillation was found in 4 studies (1 nested case-control, 2 case-control, 1 prospective), whereas the association could not be confirmed in a single case-control investigation. Serum galectin-3 value was also found to be a significant predictor of left atrium fibrosis, reduced left atrial volume, or decreased left ventricle ejection fraction in four studies (2 nested case-control, 2 case-control). A reliable biological explanation may be brought in support of these findings. Activated macrophages release galectin-3, which not only contributes to increase macrophages accumulation in cardiac tissue and perpetuates their activation, but also promotes fibroblast activation and proliferation, thus leading to cardiac fibrosis, cardiac remodeling, myocardiocyte dysfunction and ultimately atrial fibrillation. The onset of atrial fibrillation further amplifies macrophage activation, thus completing a vicious circle that is mirrored by evidence of substantially increased galectin-3 values in patients with persistent atrial fibrillation.
Conclusions: It seems reasonable to suggest that galectin-3 measurement holds promise for stratifying risk and outcome of atrial fibrillation.
710 ## - PUNTO DE ACCESO ADICIONAL - NOMBRE DE ENTIDAD
9 (RLIN) 625
Nombre de entidad o nombre de jurisdicción como elemento inicial Instituto de Investigación imas12
856 ## - LOCALIZACIÓN Y ACCESO ELECTRÓNICOS
Identificador Uniforme del Recurso (URI) http://pc-h12o-es.m-hdoct.a17.csinet.es/pdf/pc/1/pc17032.pdf
Acceso Solicitar documento
942 ## - ENTRADA PARA ELEMENTOS AGREGADOS (KOHA)
Fuente de clasificación o esquema de ordenación en estanterías
Koha [por defecto] tipo de item Revisión
Suprimido en OPAC Público
Existencias
Suprimido Estado de pérdida Fuente de clasificación o esquema de ordenación en estanterías Estropeado No para préstamo Localización permanente Localización actual Fecha de adquisición Signatura completa Fecha última consulta Fecha del precio de reemplazo Tipo de item de Koha
          Hospital Universitario 12 de Octubre Hospital Universitario 12 de Octubre 2022-10-25 PC17032 2022-10-25 2022-10-25 Revisión

Con tecnología Koha